000 02065cam a22005294i 4500
003 PE-LiUPU
005 20250731180128.0
008 150625s1990 mx a r 000 0 spa d
020 _a9682603935
020 _a9789682603938
035 _a(Sirsi) a34135
040 _aPE-LiUPU
_bspa
_cPE-LiUPU
_erda
049 _aPRUA
082 0 4 _a515
_bK22
_221
100 1 _aKaplan, Wilfred,
_eautor.
245 1 0 _aCálculo Avanzado /
_cWilfred Kaplan.
264 1 _aMéxico :
_bContinental S.A. de C.V,
_c1990.
300 _a912 páginas :
_bilustraciones ;
_c23 centímetros
336 _atext
_2rdacontent
337 _aunmediated
_2rdamedia
338 _avolume
_2rdacarrier
505 0 _aRepaso de Algebra; geometría analítica y cálculo -- Matrices y geometría en n dimensiones -- Calculo diferencial para funciones de varias variables -- Calculo diferencial para vectores -- Calculo integral para funciones de varias variables -- Calculo integral para vectores -- Series Infinitas -- Series de Fourier y funciones ortogonales -- Ecuaciones diferenciales ordinarias -- Funciones de una variable compleja -- Ecuaciones diferenciales parciales.
526 _aSEG44
526 _aSEG26
526 _aP159
526 _aP155
526 _aP154
526 _aP153
526 _aP150
526 _aP100
526 _aP31
526 _aP30
526 _aP26
526 _aP25
526 _aP24
526 _aP22
526 _aP15
526 _aP10
650 0 4 _aCálculo.
910 _adbm
_bncf
_cncf
_d20190430
942 _2ddc
_cBOOK
949 _a515 K22
_wDEWEY
_c1
_i35447
_lCCODEBUL1
_mBUL
_p00.00
_r0
_sY
_tBOOK
_u2015-06-25
_xBIBLIOTECA
_zUNKNOWN
_0COMPRA
_o.STAFF. Colección Ingeniería y Arquitectura
994 _aC0
_bPEPRU
596 _a1
999 _a515 K22
_wDEWEY
_c41959
_i35447
_d41959
_e2017-11-29
_f2021-11-9
_g8
_lCCODEBUL1
_mBUL
_n2
_p24.70
_r0
_sY
_tBOOK
_u2015-6-25
_xINGENIERIA
_PP25
_0COMPRA
_o.STAFF. Colección Ingeniería y Arquitectura
980 _81
_gALBERTO SANCHEZ Responsable de Automatización